[Event "FRA-ch U18"]
[Site "Calvi"]
[Date "2005.04.18"]
[Round "2"]
[White "Netzer, Jean"]
[Black "Habbouche, Julien"]
[Result "1-0"]
[WhiteElo "2384"]
[BlackElo "2018"]
[PlyCount "73"]
[EventDate "2005.04.??"]
[EventType "swiss"]
[EventRounds "9"]
[EventCountry "FRA"]
[SourceTitle "EXT 2006"]
[Source "ChessBase"]
[SourceDate "2005.11.24"]
[SourceVersion "1"]
[SourceVersionDate "2005.11.24"]
[SourceQuality "1"]

1. e4 e6 2. d4 d5 3. Nd2 h6 4. Ngf3 Nf6 5. Bd3 dxe4 6. Nxe4 Nxe4 7. Bxe4 Nd7 8. Qe2 Nf6 9. Bxb7 Bxb7 10. Qb5+ Nd7 11. Qxb7 Bd6 12. 0-0 0-0 13. b3 Qf6 14. Bb2 Qf4 15. Qb5 Nf6 16. Qe2 Ng4 17. g3 Qf5 18. c4 c6 19. Kg2 g5 20. Rad1 Rae8 21. h3 Nf6 22. Ne5 Rc8 23. Ng4 Nxg4 24. hxg4 Qg6 25. Qd3 Qxd3 26. Rxd3 Rce8 27. Re1 f6 28. Rde3 Kf7 29. Re4 Re7 30. f4 f5 31. gxf5 exf5 32. Rxe7+ Bxe7 33. Re5 Ke8 34. fxg5 hxg5 35. g4 fxg4 36. Rxe7+ Kxe7 37. Ba3+ 1-0

[Event "Marseille op 3rd"]
[Site "Marseille"]
[Date "2004.12.??"]
[Round "5"]
[White "Hausard, Hilda"]
[Black "Habbouche, Julien"]
[Result "1-0"]
[WhiteElo "1870"]
[BlackElo "2004"]
[PlyCount "69"]
[EventDate "2004.12.27"]
[EventType "swiss"]
[EventRounds "7"]
[EventCountry "FRA"]
[SourceTitle "CBM 104 Extra"]
[Source "ChessBase"]
[SourceDate "2005.03.01"]
[SourceVersion "1"]
[SourceVersionDate "2005.03.01"]
[SourceQuality "1"]

1. e4 e6 2. d4 d5 3. Nc3 Nf6 4. Bg5 Be7 5. e5 Nfd7 6. Bxe7 Qxe7 7. f4 c5 8. Nb5 Na6 9. Nd6+ Kf8 10. c3 Nc7 11. Qh5 Ne8 12. Nxe8 Kxe8 13. Nf3 cxd4 14. Nxd4 a6 15. Bd3 g6 16. Qf3 Kf8 17. Rd1 Kg7 18. h4 h5 19. g4 Nc5 20. Bc2 Bd7 21. Rd2 hxg4 22. Qxg4 Rh5 23. Rg2 Rah8 24. Nf3 Ne4 25. Ng5 Nxg5 26. fxg5 Bc6 27. Rhh2 d4 28. Rf2 dxc3 29. bxc3 Qc5 30. Qf4 Qxc3+ 31. Rd2 Rd8 32. Qf6+ Kh7 33. Qxf7+ Kh8 34. Qf6+ Kh7 35. Bxg6+ 1-0